000 00600nam a2200217 i 4500
001 C2-0031085
003 PPAK
005 20190630222033.0
008 970218s1989 xxka|||| ||||| | eng d
040 _aPPAK
_beng
_cPPAK
_erda
082 0 4 _a398.8
_223
090 0 0 _a398.8
_bJAC
_dK
245 0 0 _aJack and Jill and other rymes
264 1 _aLoughborough :
_bLadybird Books ,
_c1989
300 _a[27 pages] :
_bcolour illustrations ;
_c19 cm
336 _2rdacontent
_atext
337 _2rdamedia
_aunmediated
338 _2rdacarrier
_avolume
650 1 0 _aNursery rhymes, English
942 _ddc
_cB
999 _c5863
_d5863